LEADER 00971nas a2200205 i 4500 001 000000003302 003 CaOOAMICUS 005 20221228140432.0 008 180830c19939999it zx u0 z|ita u 040 $aSeMil$bita 245 00$aFonti di diritto ecclesiastico e canonico$h[generale di collana] /$craccolte da Giorgio Feliciani. 264 1$aMilano :$bGiuffrè,$c1993- 300 $av. ;$c20 cm 700 1 $aFeliciani, Giorgio.$0(OLS)http://semarc/name/2537 830 0$aFonti di diritto ecclesiastico e canonico.$0(OLS)http://semarc/title/5651 850 $aSeMil 852 $aSeMil$W1$xVenegono$y1$mVedi "Titolo uniforme di collana" per le collocazioni dei singoli volumi$j222888$qSottoscrizione meritevole$B243807$CSeMilBibl$Z2$F243807 $81 996 $6245$aFonti di diritto ecclesiastico e canonico$h[generale di collana]$9(OLS)http://semarc/title/5652 996 $6264$aMilano :$bGiuffrè$9(OLS)http://semarc/publisher/29926 LEADER 01238nam a2200277 i 4500 001 000000190704 003 CaOOAMICUS 005 20100629000000.0 008 100629s1979 it u000 u ita u 013 $a169136 040 $aSeMil$bita 100 1 $aMagno, Gregorio.$0(OLS)http://semarc/name/69721 245 10$aVita di San Benedetto e la Regola /$cGregorio Magno ; introduzione di Attilio Stendardi. 260 $aRoma :$bCittà Nuova,$ccopyr. 1979. 300 $a275 p. ;$c19 cm. 490 0 $aCollana di spiritualità 500 $aContiene : Bibliografia essenziale. 600 04$aBenedetto : da Norcia .$0(OLS)http://semarc/subject/51299 650 4$aAlberto : di Villa d'Ogna - Confraternite - Regola della Scola.$0(OLS)http://semarc/subject/21569 700 1 $aStendardi, Attilio.$0(OLS)http://semarc/name/38192 830 0$aCollana di spiritualità.$0(OLS)http://semarc/title/6623 850 $aSeMil 852 $aSeMil$W1$xVenegono$y1$m3H I 264$j141321$B141321$CSeMilBibl$Z2$F153260 $81 961 $aOmaggio: Altro 996 $6245$aVita di San Benedetto e la Regola$9(OLS)http://semarc/title/274766 996 $6260$aRoma :$bCittà Nuova$9(OLS)http://semarc/publisher/29609 LEADER 01500nam a2200301 i 4500 001 000000089203 003 CaOOAMICUS 005 20250401141837.0 008 150831s1986 be u000 u lat u 013 $a61444 020 $a2-503-63642-X 040 $aSeMil$bita 100 0 $aHermannus : de Runa,$d.$0(OLS)http://semarc/name/40343 245 10$aHermannus de Runa Sermones festivales /$ccurante CETEDOC. 260 $aTurnhout :$bBrepols,$c1986. 300 $a112 p. ;$c26 cm + 14 microfiches. 490 0 $aCorpus Christianorum. Instrumenta lexicologica latina. Ser. A, Formae ;$vFasc.37 500 $aSpogli lessicali 710 2 $aUniversité Catholique : Centre de traitement èlectronique des documents.$0(OLS)http://semarc/name/60 776 0 $aHermannus : de Runa $tHermanni de Runa Sermones festivales.$dTurnhout : Brepols, 1986.$kCorpus Christianorum. Continuatio Mediaevalis$z2-503-03642-2$w()89171 830 0$aCorpus Christianorum. Instrumenta lexicologica latina. Ser. A, Formae ;$v37.$0(OLS)http://semarc/title/82 850 $aSeMil 852 $aSeMil$W1$xVenegono$y1$mSL2.G CC.CM.ILL 37$j255622$B52354$CSeMilBibl$Z2$F56803 $8I 961 $aSottoscrizione: Brepols 996 $6020$a2-503-63642-X$9(OLS)http://semarc/number/69101 996 $6245$aHermannus de Runa Sermones festivales$9(OLS)http://semarc/title/135061 996 $6260$aTurnhout :$bBrepols$9(OLS)http://semarc/publisher/29626 LEADER 00490nab a2200145 i 4500 001 000000315274 003 CaOOAMICUS 005 20180831173147.0 008 180831n xx uu u0 0und r 013 $a24362 040 $aSeMil$bita 100 1 $aGestori, Gervasio,$c.$0(OLS)http://semarc/name/15410 245 10$aL?oscuramento dell?intelligenza. 773 0 $t[Gennaio-Dicembre].$g247-250$w()274278 996 $6245$aL?oscuramento dell?intelligenza$9(OLS)http://semarc/title/389332